| 000 | 00344 a2200145 4500 | ||
|---|---|---|---|
| 001 | 66032 | ||
| 082 | _a512.9434GOL | ||
| 090 |
_c38386 _d38386 |
||
| 100 | _aGolub | ||
| 245 | _aMatrix Computations, 2/e | ||
| 250 | _a2 | ||
| 260 |
_aLodon _bJohns Hopkins Uni Press _c1989 |
||
| 300 |
_a642p. _bPhotocopy |
||
| 500 | _aMS textbook Aerospace | ||
| 942 |
_aNUST CAE _k512.9434GOL |
||
| 999 |
_c301105 _d301105 |
||